| 000 | 00392nam a22001577a 4500 | ||
|---|---|---|---|
| 999 |
_c259416 _d259415 |
||
| 003 | OSt | ||
| 005 | 20220927113022.0 | ||
| 008 | 220927b xxu||||| |||| 00| 0 eng d | ||
| 020 | _a9783030859305 | ||
| 040 | _cN/A | ||
| 100 | _aG.R Berridge | ||
| 245 |
_aDiplomacy: _bTheory and practice _cPalgrave Macmillan |
||
| 250 | _a6th | ||
| 260 |
_aLeicester _bG.R.Berridge _c2022 |
||
| 942 |
_2lcc _cBK |
||